| 000 -LEADER |
| fixed length control field |
01565nam a22004817a 4500 |
| 001 - CONTROL NUMBER |
| control field |
18414179 |
| 003 - CONTROL NUMBER IDENTIFIER |
| control field |
OSt |
| 005 - DATE AND TIME OF LATEST TRANSACTION |
| control field |
20241110155425.0 |
| 008 - FIXED-LENGTH DATA ELEMENTS--GENERAL INFORMATION |
| fixed length control field |
141222s2015 enk b 001 0 eng |
| 010 ## - LIBRARY OF CONGRESS CONTROL NUMBER |
| LC control number |
2014049390 |
| 020 ## - INTERNATIONAL STANDARD BOOK NUMBER |
| International Standard Book Number |
9781118609163 |
| 035 ## - SYSTEM CONTROL NUMBER |
| System control number |
(DNLM)101648645 |
| 040 ## - CATALOGING SOURCE |
| Original cataloging agency |
DNLM/DLC |
| Transcribing agency |
DLC |
| Description conventions |
rda |
| 041 ## - LANGUAGE CODE |
| Language code of text/sound track or separate title |
eng |
| 042 ## - AUTHENTICATION CODE |
| Authentication code |
pcc |
| 050 00 - LIBRARY OF CONGRESS CALL NUMBER |
| Classification number |
RC584 |
| 060 10 - NATIONAL LIBRARY OF MEDICINE CALL NUMBER |
| Classification number |
WD 300 |
| 080 ## - UNIVERSAL DECIMAL CLASSIFICATION NUMBER |
| Universal Decimal Classification number |
616-097 |
| Item number |
S-19 |
| 082 00 - DEWEY DECIMAL CLASSIFICATION NUMBER |
| Classification number |
616.97 |
| Edition number |
23 |
| 100 ## - MAIN ENTRY--PERSONAL NAME |
| 9 (RLIN) |
266 |
| Personal name |
Sampson, A. Hugh |
| Relator term |
Editor |
| 245 00 - TITLE STATEMENT |
| Title |
Allergy and Clinical Immunology (Mount Sinai Expert Guides) |
| Statement of responsibility, etc. |
edited by Hugh A. Sampson. |
| 246 1# - VARYING FORM OF TITLE |
| Title proper/short title |
Allergy & clinical immunology |
| 260 ## - PUBLICATION, DISTRIBUTION, ETC. |
| Place of publication, distribution, etc. |
Chichester, West Sussex ; |
| Name of publisher, distributor, etc. |
John Wiley & Sons Inc., |
| Date of publication, distribution, etc. |
2015 |
| 264 #1 - PRODUCTION, PUBLICATION, DISTRIBUTION, MANUFACTURE, AND COPYRIGHT NOTICE |
| Place of production, publication, distribution, manufacture |
Hoboken, NJ : |
| 300 ## - PHYSICAL DESCRIPTION |
| Extent |
462 p. |
| Dimensions |
ill |
| 336 ## - CONTENT TYPE |
| Content type term |
text |
| Source |
rdacontent |
| 337 ## - MEDIA TYPE |
| Media type term |
unmediated |
| Source |
rdamedia |
| 338 ## - CARRIER TYPE |
| Carrier type term |
volume |
| Source |
rdacarrier |
| 365 ## - TRADE PRICE |
| Price amount |
74.29 usd |
| 504 ## - BIBLIOGRAPHY, ETC. NOTE |
| Bibliography, etc. note |
Includes bibliographical references and index. |
| 650 12 - SUBJECT ADDED ENTRY--TOPICAL TERM |
| Topical term or geographic name entry element |
Hypersensitivity. |
| 650 22 - SUBJECT ADDED ENTRY--TOPICAL TERM |
| Topical term or geographic name entry element |
Allergens. |
| 650 22 - SUBJECT ADDED ENTRY--TOPICAL TERM |
| Topical term or geographic name entry element |
Immune System Diseases. |
| 650 22 - SUBJECT ADDED ENTRY--TOPICAL TERM |
| Topical term or geographic name entry element |
Immune System Phenomena. |
| 650 20 - SUBJECT ADDED ENTRY--TOPICAL TERM |
| Topical term or geographic name entry element |
Immunology |
| 9 (RLIN) |
78 |
| 653 ## - INDEX TERM--UNCONTROLLED |
| Uncontrolled term |
იმუნოლოგია |
| 653 ## - INDEX TERM--UNCONTROLLED |
| Uncontrolled term |
იმუნური სისტემა |
| 653 ## - INDEX TERM--UNCONTROLLED |
| Uncontrolled term |
ალერგია |
| 700 1# - ADDED ENTRY--PERSONAL NAME |
| Personal name |
Sampson, Hugh A., |
| Relator term |
editor. |
| 776 08 - ADDITIONAL PHYSICAL FORM ENTRY |
| Relationship information |
Online version: |
| Title |
Mount Sinai expert guides. |
| Place, publisher, and date of publication |
Chichester, West Sussex ; Hoboken, NJ : John Wiley & Sons Inc., 2015 |
| International Standard Book Number |
9781118609149 |
| Record control number |
(DLC) 2014049899 |
| 906 ## - LOCAL DATA ELEMENT F, LDF (RLIN) |
| a |
7 |
| b |
cbc |
| c |
orignew |
| d |
1 |
| e |
ecip |
| f |
20 |
| g |
y-gencatlg |
| 942 ## - ADDED ENTRY ELEMENTS (KOHA) |
| Source of classification or shelving scheme |
|
| Koha item type |
Books |